000 00825nam a22002411 4500
008
049 _aMAIN
090 _aQA371
_bFOX
100 1 _aFox, L.
245 1 0 _aNumerical solution of ordinary and partial differential equations :
_bbased on a summer school held in Oxford, August-September 1961.
260 _aOxford :
_bPergamon Press,
_c1962.
300 _aix, 509 p. :
_bill. ;
_c24 cm.
440 _aAIDWES International Series In The Engineering Science.
504 _aIncludes index.
504 _aIncludes bibliographical references.
650 0 _aDifferential equations.
710 2 _aOxford University Computing Laboratory.
907 _a.b10046926
_b16-05-13
_c17-04-03
003
005 20230123133821.0
040 _cNUST
942 _cBOOKS
_kQA371
_mFOX
999 _c155141
_d155141